Statistics for John Lennon Charting Songs (Billboard Hot 100)

Click here to take the quiz!

General Stats

  • This quiz has been taken 52 times
  • The average score is 11 of 18

Answer Stats

AlbumWeeks OnPeakArtist(s)Song% Correct
Imagine9 Weeks#3John LennonImagine
98%
Double Fantasy20 Weeks#2John LennonWoman
87%
Double Fantasy22 Weeks#1 (5 Weeks)John Lennon(Just Like) Starting Over
82%
Mind Games13 Weeks#18John LennonMIND GAMES
80%
Non-Album Single9 Weeks#14Plastic Ono BandGive Peace a Chance
73%
Non-Album Single13 Weeks#3John Ono Lennon with the Plastic Ono BandInstant Karma!
73%
Double Fantasy17 Weeks#10John LennonWatching the Wheels
69%
John Lennon/Plastic Ono Band6 Weeks#43John Lennon / Plastic Ono BandMother
67%
Imagine4 Weeks#80John Lennon & The Plastic Ono BandJealous Guy
67%
Rock 'n' Roll9 Weeks#20John LennonStand By Me
64%
Non-Album Single12 Weeks#30Plastic Ono BandCold Turkey
62%
Milk and Honey14 Weeks#5John LennonNobody Told Me
58%
Walls and Bridges12 Weeks#9John Lennon#9 Dream
51%
Non-Album Single9 Weeks#11John Lennon / Plastic Ono BandPower to the People
51%
Walls and Bridges15 Weeks#1 (1 Week)John Lennon with the Plastic Ono Nuclear BandWhatever Gets You thru the Night
51%
Non-Album Single2 Weeks#42John & Yoko / The Plastic Ono Band with the Harlem Community ChoirHappy Xmas (War Is Over)
49%
Milk and Honey6 Weeks#55John LennonI'm Stepping Out
13%
Some Time in New York City5 Weeks#57John Lennon / Plastic Ono Band with Elephant's MemoryWoman is the Night of the World
7%

Score Distribution

Percentile by Number Answered

Percent of People with Each Score

Your Score History

You have not taken this quiz